000 00780cam a2200241 a 4500
001 000012743
005 20200929163050.0
008 781228s1977 cr b i000 0 spa
035 _a(DLC) 78104450
040 _aDO-SdBNP
_cDLC
_dDLC
_dBNPHU
082 _a343.076
_bA473t
100 1 _aAlvarenga, Ivo P.
_929518
245 1 0 _aTemas de derecho agrario y reforma agraria /
_cIvo P. Alvarenga.
260 _aCosta Rica :
_bEduca,
_c1977.
300 _a294 p. :
_bil. ;
_c17 cm.
490 1 _aAula
504 _aIncluye referencias bibliográficas.
650 4 _aDerecho agrario
_xLegislacion
_zCosta Rica.
_929519
650 4 _aReforma agraria
_xLegislacion
_zCosta Rica.
_929520
830 0 _aAula.
_916604
910 _aCatalogación por copia / LC
999 _a1
_n0000018
_c12394
_d12394
049 _aBNGR